<?xml version="1.0" encoding="UTF-8"?>
<record
    xmlns:xsi="http://www.w3.org/2001/XMLSchema-instance"
    xsi:schemaLocation="http://www.loc.gov/MARC21/slim http://www.loc.gov/standards/marcxml/schema/MARC21slim.xsd"
    xmlns="http://www.loc.gov/MARC21/slim">

  <leader>05111nam a2200601 i 4500</leader>
  <controlfield tag="001">116511</controlfield>
  <controlfield tag="003">FINmELB</controlfield>
  <controlfield tag="005">20241217174809.0</controlfield>
  <controlfield tag="006">m     o  u        </controlfield>
  <controlfield tag="007">cr cn|||||||||</controlfield>
  <controlfield tag="008">220328s2019    mx ah  fob    001 0 eng d</controlfield>
  <datafield tag="020" ind1=" " ind2=" ">
    <subfield code="a">978-607-628-513-8</subfield>
    <subfield code="q">(versi&#xF3;n electr&#xF3;nica)</subfield>
  </datafield>
  <datafield tag="020" ind1=" " ind2=" ">
    <subfield code="z">978-607-628-331-8</subfield>
    <subfield code="q">(versi&#xF3;n impresa)</subfield>
  </datafield>
  <datafield tag="035" ind1=" " ind2=" ">
    <subfield code="a">(OCoLC)1311930990</subfield>
  </datafield>
  <datafield tag="040" ind1=" " ind2=" ">
    <subfield code="a">FINmELB</subfield>
    <subfield code="b">spa</subfield>
    <subfield code="e">rda</subfield>
    <subfield code="c">FINmELB</subfield>
  </datafield>
  <datafield tag="050" ind1=" " ind2="4">
    <subfield code="a">PN4964</subfield>
    <subfield code="b">.L336 2019</subfield>
  </datafield>
  <datafield tag="082" ind1="0" ind2="4">
    <subfield code="a">056</subfield>
    <subfield code="2">23</subfield>
  </datafield>
  <datafield tag="245" ind1="0" ind2="0">
    <subfield code="a">Laboratorios de lo nuevo :</subfield>
    <subfield code="b">revistas literarias y culturales de M&#xE9;xico, Espa&#xF1;a y R&#xED;o de la Plata en la d&#xE9;cada de 1920 /</subfield>
    <subfield code="c">Rose Corral, Anthony Stanton, James Valender, editores.</subfield>
  </datafield>
  <datafield tag="250" ind1=" " ind2=" ">
    <subfield code="a">Primera edici&#xF3;n.</subfield>
  </datafield>
  <datafield tag="264" ind1=" " ind2="1">
    <subfield code="a">Ciudad de M&#xE9;xico, M&#xE9;xico :</subfield>
    <subfield code="b">El Colegio de M&#xE9;xico, Centro de Estudios Ling&#xFC;&#xED;sticos y Literarios, C&#xE1;tedra Jaime Torres Bodet,</subfield>
    <subfield code="c">2019.</subfield>
  </datafield>
  <datafield tag="300" ind1=" " ind2=" ">
    <subfield code="a">1 recurso en l&#xED;nea (451 p&#xE1;ginas) :</subfield>
    <subfield code="b">ilustraciones, facs&#xED;miles</subfield>
  </datafield>
  <datafield tag="336" ind1=" " ind2=" ">
    <subfield code="a">texto</subfield>
    <subfield code="b">txt</subfield>
    <subfield code="2">rdacontent/spa</subfield>
  </datafield>
  <datafield tag="337" ind1=" " ind2=" ">
    <subfield code="a">computadora</subfield>
    <subfield code="b">c</subfield>
    <subfield code="2">rdamedia/spa</subfield>
  </datafield>
  <datafield tag="338" ind1=" " ind2=" ">
    <subfield code="a">recurso en l&#xED;nea</subfield>
    <subfield code="b">cr</subfield>
    <subfield code="2">rdacarrier/spa</subfield>
  </datafield>
  <datafield tag="490" ind1="1" ind2=" ">
    <subfield code="a">Serie Estudios de ling&#xFC;&#xED;stica y literatura ;</subfield>
    <subfield code="v">LXXI</subfield>
  </datafield>
  <datafield tag="504" ind1=" " ind2=" ">
    <subfield code="a">Incluye referencias bibliogr&#xE1;ficas: p&#xE1;ginas 403-444 e &#xED;ndice.</subfield>
  </datafield>
  <datafield tag="505" ind1="0" ind2="0">
    <subfield code="g">Introducci&#xF3;n /</subfield>
    <subfield code="r">Rose Corral, Anthony Stanton, James Valender</subfield>
    <subfield code="g">I. Entrada en materia:</subfield>
    <subfield code="t">Leer una revista literaria : autor&#xED;a individual, autor&#xED;a colectiva en las revistas argentinas de la d&#xE9;cada de 1920 /</subfield>
    <subfield code="r">Annick Louis --</subfield>
    <subfield code="g">II. Primeros experimentos:</subfield>
    <subfield code="t">La breve moda de la poes&#xED;a visual en las revistas del Ultra /</subfield>
    <subfield code="r">Andrew A. Anderson --</subfield>
    <subfield code="t">Actual : la solitaria estridencia /</subfield>
    <subfield code="r">Carla Zuri&#xE1;n de la Fuente --</subfield>
    <subfield code="t">Acerca de un modelo de intervenci&#xF3;n p&#xFA;blica vanguardista : Prisma. Revista mural /</subfield>
    <subfield code="r">Patricia M. Artundo --</subfield>
    <subfield code="t">Irradiador en su contexto /</subfield>
    <subfield code="r">Evodio Escalante --</subfield>
    <subfield code="t">Disciplina y oasis : la revista &#xCD;ndice (1921-1922) y la nueva poes&#xED;a espa&#xF1;ola /</subfield>
    <subfield code="r">James Valender</subfield>
    <subfield code="g">III.</subfield>
    <subfield code="t">Amalgamas y decantaciones:</subfield>
    <subfield code="t">A trav&#xE9;s de cartas y revistas: &#x201C;La vida literalmente se anima se enciende  arder&#xE1; muy pronto&#x201D; (1927-1928) /</subfield>
    <subfield code="r">Andr&#xE9;s Soria Olmedo --</subfield>
    <subfield code="t">El viaje del grupo Contempor&#xE1;neos por las revistas : la falange (1924-1923), Antena (1924), Ulises (1927-1928) y Contempor&#xE1;neos (1928-1931) /</subfield>
    <subfield code="r">Tayde Acosta Gamas --</subfield>
    <subfield code="t">La Cruz del Sur (1924-1931) : una visi&#xF3;n astral y austral en la encrucijada de contradicciones y coincidencias /</subfield>
    <subfield code="r">Lisa Block de Behar --</subfield>
    <subfield code="t">El Universal ilustrado en los a&#xF1;os veinte: el posicionamiento en el campo cultural /</subfield>
    <subfield code="r">Yanna Hadatty Mora --</subfield>
    <subfield code="t">Un ultra&#xED;sta invisible entre estridentistas y Contempor&#xE1;neos : Humberto Rivas y su revista mexicana Sagitario (1926-1927) /</subfield>
    <subfield code="r">Anthony Stanton</subfield>
    <subfield code="g">IV.</subfield>
    <subfield code="t">Nacionalismo, cosmopolitismo y americanismo:</subfield>
    <subfield code="t">M&#xE9;xico y la cuesti&#xF3;n americana en las revistas de los nuevos (M&#xE9;xico, Argentina y Uruguay) /</subfield>
    <subfield code="r">Rose Coral --</subfield>
    <subfield code="t">La vanguardia ante el nacionalismo: tensiones en la revista Nos (1920-1935) /</subfield>
    <subfield code="r">C&#xE9;sar A. N&#xFA;&#xF1;ez --</subfield>
    <subfield code="t">&#xBF;Cosmopolitas o nacionalistas? : la corta pero intensa trayectoria de las revistas Forma, Ulises y Horizonte (1926-1928) /</subfield>
    <subfield code="r">Regina Crespo --</subfield>
    <subfield code="t">En torno a Babel : la espiral identitaria de Samuel Glusberg y su &#x201C;Peque&#xF1;a Revista de Arte y Cr&#xED;tica&#x201D; /</subfield>
    <subfield code="r">Rosalie Sitman --</subfield>
    <subfield code="t">Lamic de les Arts, paradojas y contradicciones de una revista de vanguardia catalana /</subfield>
    <subfield code="r">Antonio Monegal.</subfield>
  </datafield>
  <datafield tag="588" ind1=" " ind2=" ">
    <subfield code="a">Descripci&#xF3;n basada en metadatos suministrados por el editor y otras fuentes.</subfield>
  </datafield>
  <datafield tag="590" ind1=" " ind2=" ">
    <subfield code="a">Recurso electr&#xF3;nico. Santa Fe, Arg.: elibro, 2022. Disponible v&#xED;a World Wide Web. El acceso puede estar limitado para las bibliotecas afiliadas a elibro.</subfield>
  </datafield>
  <datafield tag="650" ind1=" " ind2="4">
    <subfield code="a">Publicaciones peri&#xF3;dicas mexicanas</subfield>
    <subfield code="x">Historia</subfield>
    <subfield code="y">Siglo XX.</subfield>
  </datafield>
  <datafield tag="650" ind1=" " ind2="0">
    <subfield code="a">Uruguayan literature</subfield>
    <subfield code="y">20th century</subfield>
    <subfield code="x">History and criticism.</subfield>
  </datafield>
  <datafield tag="650" ind1=" " ind2="0">
    <subfield code="a">Spanish literature</subfield>
    <subfield code="y">20th century</subfield>
    <subfield code="x">History and criticism.</subfield>
  </datafield>
  <datafield tag="650" ind1=" " ind2="0">
    <subfield code="a">Mexican literature</subfield>
    <subfield code="y">20th century</subfield>
    <subfield code="x">History and criticism.</subfield>
  </datafield>
  <datafield tag="650" ind1=" " ind2="0">
    <subfield code="a">Argentine literature</subfield>
    <subfield code="y">20th century</subfield>
    <subfield code="x">History and criticism.</subfield>
  </datafield>
  <datafield tag="650" ind1=" " ind2="4">
    <subfield code="a">Publicaciones peri&#xF3;dicas espa&#xF1;olas</subfield>
    <subfield code="x">Historia</subfield>
    <subfield code="y">Siglo XX.</subfield>
  </datafield>
  <datafield tag="650" ind1=" " ind2="4">
    <subfield code="a">Publicaciones peri&#xF3;dicas argentinas</subfield>
    <subfield code="x">Historia</subfield>
    <subfield code="y">Siglo XX.</subfield>
  </datafield>
  <datafield tag="650" ind1=" " ind2="4">
    <subfield code="a">Publicaciones peri&#xF3;dicas uruguayas</subfield>
    <subfield code="x">Historia</subfield>
    <subfield code="y">Siglo XX.</subfield>
  </datafield>
  <datafield tag="650" ind1=" " ind2="4">
    <subfield code="a">Literatura mexicana</subfield>
    <subfield code="x">Publicaciones peri&#xF3;dicas</subfield>
    <subfield code="x">Historia</subfield>
    <subfield code="y">Siglo XX.</subfield>
  </datafield>
  <datafield tag="650" ind1=" " ind2="4">
    <subfield code="a">Literatura espa&#xF1;ola</subfield>
    <subfield code="x">Publicaciones peri&#xF3;dicas</subfield>
    <subfield code="x">Historia</subfield>
    <subfield code="y">Siglo XX.</subfield>
  </datafield>
  <datafield tag="650" ind1=" " ind2="4">
    <subfield code="a">Literatura argentina</subfield>
    <subfield code="x">Publicaciones peri&#xF3;dicas</subfield>
    <subfield code="x">Historia</subfield>
    <subfield code="y">Siglo XX.</subfield>
  </datafield>
  <datafield tag="650" ind1=" " ind2="4">
    <subfield code="a">Literatura uruguaya</subfield>
    <subfield code="x">Publicaciones peri&#xF3;dicas</subfield>
    <subfield code="x">Historia</subfield>
    <subfield code="y">Siglo XX.</subfield>
  </datafield>
  <datafield tag="650" ind1=" " ind2="4">
    <subfield code="a">Literatura mexicana</subfield>
    <subfield code="y">Siglo XX</subfield>
    <subfield code="x">Historia y cr&#xED;tica.</subfield>
  </datafield>
  <datafield tag="650" ind1=" " ind2="4">
    <subfield code="a">Literatura espa&#xF1;ola</subfield>
    <subfield code="y">Siglo XX</subfield>
    <subfield code="x">Historia y cr&#xED;tica.</subfield>
  </datafield>
  <datafield tag="650" ind1=" " ind2="4">
    <subfield code="a">Literatura argentina</subfield>
    <subfield code="y">Siglo XX</subfield>
    <subfield code="x">Historia cr&#xED;tica.</subfield>
  </datafield>
  <datafield tag="650" ind1=" " ind2="4">
    <subfield code="a">Literatura uruguaya</subfield>
    <subfield code="y">Siglo XX</subfield>
    <subfield code="x">Historia cr&#xED;tica.</subfield>
  </datafield>
  <datafield tag="655" ind1=" " ind2="4">
    <subfield code="a">Libros electr&#xF3;nicos.</subfield>
  </datafield>
  <datafield tag="700" ind1="1" ind2=" ">
    <subfield code="a">Corral, Rose,</subfield>
    <subfield code="e">editor.</subfield>
  </datafield>
  <datafield tag="700" ind1="1" ind2=" ">
    <subfield code="a">Stanton, Anthony,</subfield>
    <subfield code="e">editor.</subfield>
  </datafield>
  <datafield tag="700" ind1="1" ind2=" ">
    <subfield code="a">Valender, James,</subfield>
    <subfield code="d">1950-</subfield>
    <subfield code="e">editor.</subfield>
  </datafield>
  <datafield tag="797" ind1="2" ind2=" ">
    <subfield code="a">elibro, Corp.</subfield>
  </datafield>
  <datafield tag="830" ind1=" " ind2="0">
    <subfield code="a">Serie Estudios de ling&#xFC;&#xED;stica y literatura ;</subfield>
    <subfield code="v">LXXI.</subfield>
  </datafield>
  <datafield tag="856" ind1="4" ind2="0">
    <subfield code="u">https://elibro.net/ereader/politecnicointernacional/194854</subfield>
  </datafield>
  <datafield tag="999" ind1=" " ind2=" ">
    <subfield code="c">116511</subfield>
    <subfield code="d">116511</subfield>
  </datafield>
</record>
